Changing views
| Main Author: | |
|---|---|
| Format: | Book |
| Published: |
Lexigton :
D.C Health and Company ,
1983
|
| Subjects: |
MARC
| LEADER | 00000cam a2200000 7i4500 | ||
|---|---|---|---|
| 001 | 0000003947 | ||
| 002 | 000004252 | ||
| 005 | 20000330.0 | ||
| 020 | |a 0669050849 | ||
| 090 | 0 | 0 | |a 420 |b NEL |
| 100 | 1 | |a Nelson, Joan | |
| 245 | 1 | 0 | |a Changing views |c Joan Nelson |
| 260 | |a Lexigton : |b D.C Health and Company , |c 1983 | ||
| 300 | |a 480p. ; |c 24cm. | ||
| 650 | 0 | 0 | |a English language |x Study and teaching |
| 999 | |a 037069 |b BUKU |c PINJAMAN |e PERPUSTAKAAN KOMUNITI PETALING JAYA | ||
| 999 | |a 042804 |b BUKU |c PINJAMAN |e PERPUSTAKAAN KOMUNITI PETALING JAYA | ||